LEADER 01193nam a2200265 i 4500 001 000000052810 003 CaOOAMICUS 005 20100816000000.0 008 100816s1941 xx u000 u mul u 013 $a23982 040 $aSeMil$bita 245 10$aCanones apostolici. 260 $aS. Lazzaro :$bTipografia dei padri Melchitaristi,$c1941. 300 $aXIII, 122 p. ;$c29 cm. 490 0 $aCodificazione canonica orientale ;$v21. 500 $aAltro front. in armeno. 650 4$aChiesa Armena.$0(OLS)http://semarc/subject/10890 650 4$aDiritto canonico - Fonti.$0(OLS)http://semarc/subject/389 700 1 $aGhedighian, Hemaiagh.$0(OLS)http://semarc/name/26056 773 0 $tCollectio canonum ecclesiae armenae.$dS. Lazzaro : Tipografia dei padri Melchitaristi, 1941.$g1$w()23649 830 0$aCodificazione canonica orientale ;$v21.$0(OLS)http://semarc/title/81084 850 $aSeMil 852 $aSeMil$W1$xVenegono$y1$m2J VII 27$j262669$B18964$CSeMilBibl$Z2$F18966 $81 996 $6245$aCanones apostolici$9(OLS)http://semarc/title/81174 996 $6260$aS. Lazzaro :$bTipografia dei padri Melchitaristi$9(OLS)http://semarc/publisher/35976 LEADER 00801nam a2200205 i 4500 001 000000060073 003 CaOOAMICUS 005 20140415000000.0 008 140415s1937 it u000 u ita u 013 $a31245 040 $aSeMil$bita 100 1 $aArrighini, Angelico,$c.$0(OLS)http://semarc/name/90160 245 13$aIl Dio Ignoto :$blo Spirito Santo /$cP. A. Arrighini. 260 $aTorino - Roma :$bMarietti 1820,$ccopyr. 1937. 300 $a461 p. ;$c20 cm. 650 4$aSpirito Santo.$0(OLS)http://semarc/subject/6528 850 $aSeMil 852 $aSeMil$W1$xVenegono$y1$m2K II 12$j26226$B26226$CSeMilBibl$Z2$F26229 $81 996 $6245$aIl Dio Ignoto :$blo Spirito Santo$9(OLS)http://semarc/title/94062 996 $6260$aTorino - Roma :$bMarietti 1820$9(OLS)http://semarc/publisher/33234